00474 2200169 4500001002100000008004100021035002000062245009700082260003000179300001600209020001800225084001600243082001000259650001300269990001100282990001100293INLIS000000000000463 ind  a0010-0722000012 aSemua Orang Pasti Suksesb28 Nasihat Islami Yang Akan Menggugah HidupmucAndi Ulfa Wulandari aYogyakarta:bAraskac2017 a186c21 cm. a9786023004393 a158.1 AND s a158.1 aMotivasi aDI.293 aDI.110